[Event "FIDE World Cup"]
[Site "Khanty-Mansiysk"]
[Date "2011.08.28"]
[Round "1.1"]
[White "Grischuk, Alexander"]
[Black "Genba, Vladimir"]
[Result "1-0"]
[WhiteElo "2746"]
[BlackElo "2452"]
[PlyCount "43"]
[EventDate "2011.08.28"]
[EventType "k.o."]
[EventRounds "7"]
[EventCountry "RUS"]
[SourceTitle "CBM 145"]
[Source "ChessBase"]
[SourceDate "2011.11.11"]
[SourceVersion "1"]
[SourceVersionDate "2011.11.11"]
[SourceQuality "1"]

1. d4 d5 2. c4 e6 3. Nf3 Nf6 4. Nc3 dxc4 5. Qa4+ Nbd7 6. e4 Be7 7. Bxc4 0-0 8. Qc2 c5 9. dxc5 Bxc5 10. 0-0 Ng4 11. Bf4 Qf6 12. Bg3 Nge5 13. Nxe5 Nxe5 14. Be2 Nc6 15. e5 Qe7 16. Qe4 Nd4 17. Bh4 Nxe2+ 18. Nxe2 Qd7 19. Rad1 Qb5 20. Qg4 Kh8 21. Bf6 gxf6 22. exf6 1-0

[Event "Olympiad-39"]
[Site "Khanty-Mansiysk"]
[Date "2010.10.01"]
[Round "10.3"]
[White "Genba, Vladimir"]
[Black "Elsness, Frode"]
[Result "1/2-1/2"]
[WhiteElo "2445"]
[BlackElo "2485"]
[PlyCount "81"]
[EventDate "2010.09.21"]
[EventType "team-swiss"]
[EventRounds "11"]
[EventCountry "RUS"]
[SourceTitle "CBM 139"]
[Source "ChessBase"]
[SourceDate "2010.11.18"]
[SourceVersion "1"]
[SourceVersionDate "2010.11.18"]
[SourceQuality "1"]
[WhiteTeam "Russia IV"]
[BlackTeam "Norway"]
[WhiteTeamCountry "RUS"]
[BlackTeamCountry "NOR"]

1. d4 Nf6 2. Nf3 g6 3. g3 Bg7 4. Bg2 d5 5. 0-0 0-0 6. Be3 Nbd7 7. h3 Ne4 8. Qc1 b6 9. c4 Bb7 10. Bh6 Rc8 11. Bxg7 Kxg7 12. Nfd2 Ndf6 13. Nxe4 Nxe4 14. Nc3 e6 15. Nxe4 dxe4 16. Qe3 f5 17. f3 exf3 18. Bxf3 Bxf3 19. exf3 Qf6 20. f4 Rcd8 21. Rad1 Rd6 22. Rd2 Rfd8 23. Rfd1 a5 24. a4 R8d7 25. Kf1 Kf7 26. b3 h6 27. Kf2 g5 28. Qe5 gxf4 29. Qxf6+ Kxf6 30. gxf4 c5 31. d5 exd5 32. cxd5 Re7 33. Re2 Rdd7 34. Rd3 Rxe2+ 35. Kxe2 Ke7 36. Re3+ Kd6 37. Re5 Re7 38. Rxe7 Kxe7 39. Kd3 Kd7 40. Kc3 Kc7 41. Kd3 1/2-1/2

[Event "Olympiad-39"]
[Site "Khanty-Mansiysk"]
[Date "2010.09.30"]
[Round "9.3"]
[White "Gonzalez Garcia, Jose"]
[Black "Genba, Vladimir"]
[Result "1/2-1/2"]
[WhiteElo "2543"]
[BlackElo "2445"]
[PlyCount "112"]
[EventDate "2010.09.21"]
[EventType "team-swiss"]
[EventRounds "11"]
[EventCountry "RUS"]
[SourceTitle "CBM 139"]
[Source "ChessBase"]
[SourceDate "2010.11.18"]
[SourceVersion "1"]
[SourceVersionDate "2010.11.18"]
[SourceQuality "1"]
[WhiteTeam "Mexico"]
[BlackTeam "Russia IV"]
[WhiteTeamCountry "MEX"]
[BlackTeamCountry "RUS"]

1. d4 d5 2. c4 e6 3. Nf3 c5 4. cxd5 exd5 5. g3 Nc6 6. Bg2 Nf6 7. 0-0 Be7 8. Nc3 0-0 9. dxc5 Bxc5 10. Na4 Be7 11. Be3 Re8 12. Rc1 Bg4 13. h3 Bxf3 14. Bxf3 Qd7 15. Bg2 Rad8 16. a3 Ne4 17. Bxe4 dxe4 18. Qxd7 Rxd7 19. Rfd1 Red8 20. Rxd7 Rxd7 21. g4 g6 22. Nc5 Bxc5 23. Rxc5 f6 24. Kg2 Kf7 25. Kg3 g5 26. Rc4 Re7 27. b4 a6 28. a4 Re5 29. Bd2 Ke8 30. h4 h6 31. Bc3 Re6 32. Rc5 Ne7 33. e3 b6 34. Rc4 Nd5 35. Bb2 b5 36. axb5 axb5 37. Rc5 Nxb4 38. Rxb5 Nd3 39. Bd4 Kf7 40. h5 Re7 41. Rb8 Ne5 42. Rh8 Kg7 43. Ra8 Nf3 44. Bc5 Rc7 45. Bf8+ Kf7 46. Ba3 Rc2 47. Ra7+ Ke6 48. Ra6+ Kf7 49. Ra7+ Ke6 50. Ra6+ Kf7 51. Ra4 Nd2 52. Ra7+ Ke6 53. Re7+ Kd5 54. Rd7+ Ke6 55. Re7+ Kd5 56. Rd7+ Ke5 1/2-1/2

[Event "Olympiad-39"]
[Site "Khanty-Mansiysk"]
[Date "2010.09.28"]
[Round "7.3"]
[White "Genba, Vladimir"]
[Black "Shukuraliev, Algis"]
[Result "1/2-1/2"]
[WhiteElo "2445"]
[BlackElo "2332"]
[PlyCount "107"]
[EventDate "2010.09.21"]
[EventType "team-swiss"]
[EventRounds "11"]
[EventCountry "RUS"]
[SourceTitle "CBM 139"]
[Source "ChessBase"]
[SourceDate "2010.11.18"]
[SourceVersion "1"]
[SourceVersionDate "2010.11.18"]
[SourceQuality "1"]
[WhiteTeam "Russia IV"]
[BlackTeam "Kyrgyzstan"]
[WhiteTeamCountry "RUS"]
[BlackTeamCountry "KGZ"]

1. e4 e5 2. Nf3 Nc6 3. Bb5 a6 4. Ba4 Nf6 5. 0-0 b5 6. Bb3 Bc5 7. c3 d6 8. d4 Bb6 9. h3 0-0 10. Be3 Re8 11. Nbd2 Bb7 12. Qb1 h6 13. Re1 Nh5 14. Qd3 Qf6 15. d5 Na5 16. Bxb6 Nxb3 17. axb3 cxb6 18. Qe3 Reb8 19. g3 Qd8 20. Nh4 Bc8 21. Kh2 Qg5 22. Ng2 Nf6 23. Qxg5 hxg5 24. Ne3 g6 25. b4 Kf8 26. Ra3 Ke7 27. Rea1 Ra7 28. g4 Rc7 29. Kg3 Bb7 30. Rh1 Rh8 31. f3 Nd7 32. Raa1 Rcc8 33. Rh2 Rh4 34. Rah1 Rch8 35. Ndf1 Ra8 36. Nd2 Rhh8 37. Ra1 a5 38. Rhh1 axb4 39. cxb4 Rhc8 40. Kf2 Ra4 41. b3 Raa8 42. Ke2 Nf6 43. Rxa8 Rxa8 44. Rc1 Ne8 45. Nc2 Kd7 46. Ra1 Rxa1 47. Nxa1 Ke7 48. Nc2 Bc8 49. Ne3 Bd7 50. Nb1 Nc7 51. Nc3 f6 52. Kf2 Kf7 53. Kg3 Kg7 54. Kf2 1/2-1/2

[Event "Olympiad-39"]
[Site "Khanty-Mansiysk"]
[Date "2010.09.22"]
[Round "2.3"]
[White "Genba, Vladimir"]
[Black "Giri, Anish"]
[Result "0-1"]
[WhiteElo "2445"]
[BlackElo "2677"]
[PlyCount "134"]
[EventDate "2010.09.21"]
[EventType "team-swiss"]
[EventRounds "11"]
[EventCountry "RUS"]
[SourceTitle "CBM 139"]
[Source "ChessBase"]
[SourceDate "2010.11.18"]
[SourceVersion "1"]
[SourceVersionDate "2010.11.18"]
[SourceQuality "1"]
[WhiteTeam "Russia IV"]
[BlackTeam "Netherlands"]
[WhiteTeamCountry "RUS"]
[BlackTeamCountry "NED"]

1. Nf3 Nf6 2. e3 g6 3. b3 Bg7 4. Bb2 0-0 5. Be2 d6 6. d4 Nbd7 7. c4 e5 8. Nc3 Re8 9. Qc2 h5 10. 0-0-0 c6 11. h3 a6 12. dxe5 dxe5 13. Ng5 Qa5 14. a3 Nf8 15. Nce4 Nxe4 16. Nxe4 Bf5 17. Qc3 Qxc3+ 18. Nxc3 b5 19. c5 h4 20. b4 e4 21. Nb1 a5 22. Bxg7 Kxg7 23. Nc3 Nd7 24. Kb2 Ne5 25. Rd4 Ra7 26. Rhd1 Rea8 27. Rd6 axb4 28. axb4 Ra3 29. R1d4 R8a7 30. Bf1 Kf8 31. Rd1 Ke7 32. Rb1 Be6 33. Kc2 f5 34. Be2 g5 35. f4 exf3 36. Bxf3 R7a6 37. Be2 Bf7 38. Bd3 Be6 39. Be2 f4 40. exf4 Bf5+ 41. Kd2 Nf7 42. Bd3 Nxd6 43. cxd6+ Kf6 44. fxg5+ Kxg5 45. Rf1 Bxd3 46. Kxd3 c5 47. bxc5 b4 48. Kd4 Rxc3 49. d7 Ra8 50. Kd5 Rd3+ 51. Ke6 b3 52. Ke7 Re3+ 53. Kd6 Rd3+ 54. Ke7 b2 55. Rb1 Re3+ 56. Kd6 Kf6 57. c6 Rd3+ 58. Kc7 Rd2 59. Kb7 Ra1 60. c7 Rxd7 61. Rxb2 Rc1 62. Rb6+ Ke5 63. Rc6 Rxc6 64. Kxc6 Rd1 65. c8R Rc1+ 66. Kd7 Rxc8 67. Kxc8 Kf4 0-1

[Event "RUS-chT2 16th"]
[Site "Dagomys"]
[Date "2009.04.03"]
[Round "2"]
[White "Olenin, Nikolay"]
[Black "Genba, Vladimir"]
[Result "1/2-1/2"]
[WhiteElo "2325"]
[BlackElo "2441"]
[PlyCount "101"]
[EventDate "2009.04.02"]
[EventType "team-tourn"]
[EventRounds "9"]
[EventCountry "RUS"]
[SourceTitle "CBM 129 Extra"]
[Source "ChessBase"]
[SourceDate "2009.05.05"]
[SourceVersion "2"]
[SourceVersionDate "2009.05.20"]
[SourceQuality "1"]

1. e4 e5 2. Nf3 Nc6 3. d4 exd4 4. Nxd4 Nf6 5. Nxc6 bxc6 6. e5 Qe7 7. Qe2 Nd5 8. c4 Ba6 9. b3 g6 10. f4 f6 11. exf6 Qxe2+ 12. Bxe2 Bb4+ 13. Kd1 Nxf6 14. Bd2 Bxd2 15. Nxd2 c5 16. Bf3 0-0-0 17. Kc2 Bb7 18. Rae1 Rde8 19. g3 Bxf3 20. Nxf3 d6 21. Kd3 Kd7 22. Rxe8 Rxe8 23. Re1 Rxe1 24. Nxe1 Ke6 25. Nf3 Kf5 26. Ke3 Kg4 27. Ng5 h6 28. Ne6 Kh3 29. Nxc7 Ng4+ 30. Ke4 Nxh2 31. Nb5 Kxg3 32. Nxd6 Ng4 33. f5 g5 34. b4 h5 35. bxc5 h4 36. c6 h3 37. c7 h2 38. c8Q h1Q+ 39. Kd4 Qa1+ 40. Kd5 Qe5+ 41. Kc6 Nf6 42. Qe6 Kf4 43. Qxe5+ Kxe5 44. Nf7+ Kxf5 45. Nxg5 Kxg5 46. Kb7 a5 47. a4 Kf5 48. Kb6 Ke6 49. Kxa5 Kd6 50. Kb6 Nd7+ 51. Kb7 1/2-1/2

[Event "Pardubice Chladek&Tintera op-A 19th"]
[Site "Pardubice"]
[Date "2008.07.26"]
[Round "9"]
[White "Genba, Vladimir"]
[Black "Rojicek, Vojtech"]
[Result "1/2-1/2"]
[WhiteElo "2429"]
[BlackElo "2346"]
[PlyCount "96"]
[EventDate "2008.07.18"]
[EventType "swiss"]
[EventRounds "9"]
[EventCountry "CZE"]
[SourceTitle "CBM 125 Extra"]
[Source "ChessBase"]
[SourceDate "2008.09.01"]
[SourceVersion "1"]
[SourceVersionDate "2008.09.01"]
[SourceQuality "1"]

1. e4 c5 2. Nf3 e6 3. d4 cxd4 4. Nxd4 a6 5. Nc3 Qc7 6. Be2 b5 7. Bf3 Bb7 8. 0-0 Nc6 9. Nxc6 dxc6 10. a4 e5 11. axb5 axb5 12. Rxa8+ Bxa8 13. Be3 Nf6 14. Qa1 Bb7 15. Qa7 Be7 16. Bb6 Qc8 17. Bc5 Qa8 18. Qxa8+ Bxa8 19. Ra1 Bb7 20. Ra7 Bxc5 21. Rxb7 Bd6 22. Ra7 Bb8 23. Rb7 Bd6 24. h4 Rf8 25. Ne2 Kd8 26. Nc1 Kc8 27. Ra7 Kb8 28. Ra1 Nd7 29. Nd3 Nc5 30. Nxc5 Bxc5 31. Kf1 Kb7 32. Ke2 Ra8 33. Rxa8 Kxa8 34. Bh5 g6 35. Bg4 Kb7 36. Bd7 Kc7 37. Be8 f5 38. h5 f4 39. hxg6 hxg6 40. Bxg6 b4 41. g3 fxg3 42. fxg3 Kd7 43. Kd3 Bd4 44. b3 Ke7 45. Kc4 Kf6 46. Be8 c5 47. Kd5 Kg5 48. Bd7 Kf6 1/2-1/2

[Event "Pardubice Chladek&Tintera op-A 19th"]
[Site "Pardubice"]
[Date "2008.07.25"]
[Round "8"]
[White "Schlosser, Philipp"]
[Black "Genba, Vladimir"]
[Result "1-0"]
[WhiteElo "2567"]
[BlackElo "2429"]
[PlyCount "95"]
[EventDate "2008.07.18"]
[EventType "swiss"]
[EventRounds "9"]
[EventCountry "CZE"]
[SourceTitle "CBM 125 Extra"]
[Source "ChessBase"]
[SourceDate "2008.09.01"]
[SourceVersion "1"]
[SourceVersionDate "2008.09.01"]
[SourceQuality "1"]

1. c4 e6 2. d4 d5 3. Nf3 c5 4. cxd5 exd5 5. g3 Nc6 6. Bg2 Nf6 7. 0-0 Be7 8. Nc3 0-0 9. dxc5 Bxc5 10. Na4 Be7 11. Be3 Re8 12. Rc1 Bg4 13. Nd4 Bd7 14. Nc5 Nxd4 15. Bxd4 Bc6 16. Rc2 Ne4 17. Nd3 Bd6 18. e3 Bb5 19. Re1 Qa5 20. b4 Bxb4 21. Nxb4 Qxb4 22. Qa1 Qf8 23. a4 Bc6 24. a5 a6 25. Rb1 f6 26. Rb6 Qf7 27. h4 Nd6 28. Rcxc6 bxc6 29. Rxc6 Nc4 30. Qa4 Rec8 31. Bh3 f5 32. Bg2 Rd8 33. Bb6 Qd7 34. Bxd8 Rxd8 35. Bxd5+ Qxd5 36. Qxc4 Qxc4 37. Rxc4 Rd5 38. Ra4 Kf7 39. Kg2 h5 40. Kf3 Rb5 41. Kf4 Rb2 42. f3 Rb5 43. Kg5 Rb3 44. Rf4 Rxe3 45. Rxf5+ Ke6 46. Kg6 Rb3 47. Rg5 Rxf3 48. Kxg7 1-0

[Event "Pardubice Chladek&Tintera op-A 19th"]
[Site "Pardubice"]
[Date "2008.07.24"]
[Round "7"]
[White "Genba, Vladimir"]
[Black "Akesson, Ralf"]
[Result "1/2-1/2"]
[WhiteElo "2429"]
[BlackElo "2481"]
[PlyCount "30"]
[EventDate "2008.07.18"]
[EventType "swiss"]
[EventRounds "9"]
[EventCountry "CZE"]
[SourceTitle "CBM 125 Extra"]
[Source "ChessBase"]
[SourceDate "2008.09.01"]
[SourceVersion "1"]
[SourceVersionDate "2008.09.01"]
[SourceQuality "1"]

1. e4 c6 2. d3 d5 3. Nd2 e5 4. Ngf3 Bd6 5. g3 Nf6 6. Bg2 0-0 7. 0-0 Re8 8. c3 a5 9. a4 Nbd7 10. Qc2 b6 11. Rd1 Ba6 12. Nf1 Qc7 13. Nh4 Rad8 14. Ne3 dxe4 15. dxe4 Bf8 1/2-1/2

[Event "Pardubice Chladek&Tintera op-A 19th"]
[Site "Pardubice"]
[Date "2008.07.22"]
[Round "5"]
[White "Genba, Vladimir"]
[Black "Rehorek, Martin"]
[Result "1-0"]
[WhiteElo "2429"]
[BlackElo "2324"]
[PlyCount "45"]
[EventDate "2008.07.18"]
[EventType "swiss"]
[EventRounds "9"]
[EventCountry "CZE"]
[SourceTitle "CBM 125 Extra"]
[Source "ChessBase"]
[SourceDate "2008.09.01"]
[SourceVersion "1"]
[SourceVersionDate "2008.09.01"]
[SourceQuality "1"]

1. e4 c5 2. Nf3 e6 3. d4 cxd4 4. Nxd4 Nc6 5. Nc3 Qc7 6. g3 a6 7. Bg2 Nf6 8. 0-0 Be7 9. Nb3 d5 10. a4 Bd7 11. a5 Ne5 12. Kh1 0-0 13. f4 Nc4 14. Qe2 Rac8 15. g4 h6 16. h4 h5 17. g5 Ng4 18. Bf3 f5 19. exf5 Rxf5 20. Nd4 Rf7 21. Nxe6 Qb8 22. g6 Rf6 23. Nxd5 1-0

[Event "Pardubice Chladek&Tintera op-A 19th"]
[Site "Pardubice"]
[Date "2008.07.18"]
[Round "1"]
[White "Van Weersel, Arlette"]
[Black "Genba, Vladimir"]
[Result "0-1"]
[WhiteElo "2233"]
[BlackElo "2429"]
[PlyCount "128"]
[EventDate "2008.07.18"]
[EventType "swiss"]
[EventRounds "9"]
[EventCountry "CZE"]
[SourceTitle "CBM 125 Extra"]
[Source "ChessBase"]
[SourceDate "2008.09.01"]
[SourceVersion "1"]
[SourceVersionDate "2008.09.01"]
[SourceQuality "1"]

1. e4 e5 2. Nf3 Nc6 3. Bc4 Bc5 4. c3 Nf6 5. d3 a6 6. Bb3 d6 7. h3 Ba7 8. Nbd2 0-0 9. Nf1 Be6 10. Ng3 h6 11. 0-0 Bxb3 12. axb3 d5 13. Qe2 Qd7 14. Nh4 Rad8 15. Nh5 Nxh5 16. Qxh5 dxe4 17. dxe4 f6 18. b4 Bb6 19. Ra3 Qf7 20. Qg4 h5 21. Qe2 g6 22. b5 axb5 23. Qxb5 Kg7 24. Qe2 Qd7 25. c4 Nd4 26. Qd1 Ne6 27. Qe2 Nd4 28. Qd1 Ne6 29. Qe2 Nd4 30. Qd1 g5 31. Qxh5 gxh4 32. Bh6+ Kg8 33. Qxh4 Kf7 34. Qh5+ Ke7 35. Bxf8+ Rxf8 36. Rg3 Ne6 37. Rd1 Bd4 38. h4 Qc6 39. Qf5 Qxc4 40. h5 Qe2 41. Rf1 Ng5 42. Rg4 Qc4 43. Rh4 Rg8 44. h6 Qe6 45. Qxe6+ Kxe6 46. Kh2 Rh8 47. Rc1 Bxf2 48. Rh5 Bb6 49. Rc3 Nxe4 50. Rf3 Ng5 51. Rb3 Kf5 52. Rb4 e4 53. Kg3 Kg6 54. Rh1 Rxh6 55. Re1 Ba5 56. Rbxe4 Nxe4+ 57. Rxe4 Rh5 58. b4 Bb6 59. Rc4 c6 60. Kf3 Bc7 61. Rg4+ Rg5 62. Rc4 Bd6 63. Rd4 Rd5 64. Rg4+ Kf7 0-1

[Event "Pardubice Oce op 19th"]
[Site "Pardubice"]
[Date "2008.07.11"]
[Round "2"]
[White "Hodac, Pavel"]
[Black "Genba, Vladimir"]
[Result "0-1"]
[WhiteElo "2088"]
[BlackElo "2429"]
[PlyCount "50"]
[EventDate "2008.07.10"]
[EventType "team"]
[EventRounds "7"]
[EventCountry "CZE"]
[SourceTitle "CBM 125 Extra"]
[Source "ChessBase"]
[SourceDate "2008.09.01"]
[SourceVersion "1"]
[SourceVersionDate "2008.09.01"]
[SourceQuality "1"]

1. e4 e5 2. Nc3 Nf6 3. Bc4 Nxe4 4. Qh5 Nd6 5. Bb3 Be7 6. Nf3 Nc6 7. Nxe5 g6 8. Nxc6 dxc6 9. Qf3 0-0 10. 0-0 Nf5 11. d3 Nd4 12. Qf4 a5 13. Be3 Bf6 14. Bxd4 Qxd4 15. Ne4 Be5 16. Qh4 a4 17. c3 Qxd3 18. Rad1 Qe2 19. f4 Qxe4 20. Rde1 Bd4+ 21. Kh1 Qf5 22. g4 Qxg4 23. Bxf7+ Rxf7 24. Qd8+ Rf8 25. Qxd4 Be6 0-1

[Event "Pardubice Oce op 19th"]
[Site "Pardubice"]
[Date "2008.07.10"]
[Round "1"]
[White "Genba, Vladimir"]
[Black "Simek, Zdenek"]
[Result "1-0"]
[WhiteElo "2429"]
[BlackElo "1824"]
[PlyCount "63"]
[EventDate "2008.07.10"]
[EventType "team"]
[EventRounds "7"]
[EventCountry "CZE"]
[SourceTitle "CBM 125 Extra"]
[Source "ChessBase"]
[SourceDate "2008.09.01"]
[SourceVersion "1"]
[SourceVersionDate "2008.09.01"]
[SourceQuality "1"]

1. e4 c5 2. Nf3 Nf6 3. e5 Nd5 4. Nc3 Nxc3 5. dxc3 e6 6. Bg5 Qc7 7. Qd2 d5 8. 0-0-0 Nc6 9. Bb5 Bd7 10. Rhe1 h6 11. Bh4 Qa5 12. Bxc6 bxc6 13. c4 Qxa2 14. Qc3 Qxc4 15. Qxc4 dxc4 16. c3 g5 17. Bg3 Bc8 18. h4 g4 19. Nd2 Ba6 20. Bf4 0-0-0 21. Ne4 Rxd1+ 22. Rxd1 Be7 23. g3 Bb5 24. Be3 Ba4 25. Rd2 Bb3 26. Bxc5 Bxc5 27. Nxc5 Rd8 28. Rxd8+ Kxd8 29. Ne4 Ke7 30. Nf6 Kf8 31. Nxg4 h5 32. Nf6 1-0

[Event "RUS-chT2"]
[Site "Sochi"]
[Date "2008.04.07"]
[Round "5"]
[White "Badmatsyrenov, Oleg"]
[Black "Genba, Vladimir"]
[Result "1-0"]
[WhiteElo "2343"]
[BlackElo "2429"]
[PlyCount "80"]
[EventDate "2008.04.03"]
[EventType "team"]
[EventRounds "9"]
[EventCountry "RUS"]
[SourceTitle "CBM 123 Extra"]
[Source "ChessBase"]
[SourceDate "2008.05.06"]
[SourceVersion "1"]
[SourceVersionDate "2008.05.06"]
[SourceQuality "1"]

1. e4 e5 2. Nf3 Nc6 3. Bc4 Bc5 4. c3 Nf6 5. d3 d6 6. b4 Bb6 7. d4 a5 8. b5 Ne7 9. 0-0 0-0 10. Nbd2 Ng6 11. Re1 c6 12. Nf1 d5 13. exd5 cxd5 14. Bb3 h6 15. Be3 Bc7 16. Ng3 b6 17. Bc1 Re8 18. Nd2 Bb7 19. Ndf1 Qd7 20. Nh5 Nh7 21. h3 Ng5 22. Bxg5 hxg5 23. Rc1 Nf4 24. Nfg3 Bd6 25. Nf1 Re6 26. Nxf4 gxf4 27. Nd2 Rh6 28. Nf3 Qd8 29. Bc2 Qf6 30. Nh2 Rh4 31. Bb3 Rd8 32. Nf3 Rh8 33. Nh2 g6 34. Qd2 Kg7 35. Bd1 Rde8 36. Bf3 Qg5 37. Qd1 Rxh3 38. Bg4 Rh7 39. Nf1 f5 40. Bf3 Qh6 1-0

[Event "FIDE World Cup"]
[Site "Khanty-Mansiysk"]
[Date "2007.11.24"]
[Round "1.1"]
[White "Radjabov, Teimour"]
[Black "Genba, Vladimir"]
[Result "1-0"]
[WhiteElo "2742"]
[BlackElo "2413"]
[PlyCount "57"]
[EventDate "2007.11.24"]
[EventType "k.o."]
[EventRounds "7"]
[EventCountry "RUS"]
[SourceTitle "CBM 122"]
[Source "ChessBase"]
[SourceDate "2008.01.30"]
[SourceVersion "1"]
[SourceVersionDate "2008.01.30"]
[SourceQuality "1"]

1. d4 d5 2. c4 e6 3. Nf3 c5 4. cxd5 exd5 5. Nc3 Nc6 6. Bf4 c4 7. e3 Bb4 8. Be2 Nge7 9. 0-0 0-0 10. Rc1 Bf5 11. Nd2 Bxc3 12. bxc3 b5 13. g4 Bg6 14. h4 h6 15. Bg3 Re8 16. f4 f6 17. f5 Bf7 18. Qc2 a5 19. g5 hxg5 20. hxg5 fxg5 21. Nf3 Nc8 22. Ne5 Qd6 23. Bg4 Rxe5 24. Qh2 Re4 25. Bxd6 Rxg4+ 26. Bg3 Nb6 27. Qh3 Re4 28. Rc2 Nd7 29. Rh2 1-0

[Event "World Cup qual"]
[Site "Khanty-Mansiysk"]
[Date "2007.10.20"]
[Round "10"]
[White "Genba, Vladimir"]
[Black "Erushev, Gennady"]
[Result "1-0"]
[WhiteElo "2413"]
[BlackElo "2396"]
[PlyCount "39"]
[EventDate "2007.10.14"]
[EventType "tourn"]
[EventRounds "13"]
[EventCountry "RUS"]
[EventCategory "5"]
[SourceTitle "CBM 121 Extra"]
[Source "ChessBase"]
[SourceDate "2008.01.10"]
[SourceVersion "1"]
[SourceVersionDate "2008.01.10"]
[SourceQuality "1"]

1. e4 d6 2. d4 Nd7 3. Nf3 g6 4. Bc4 e6 5. 0-0 Bg7 6. Bf4 Ngf6 7. Re1 0-0 8. e5 dxe5 9. dxe5 Nd5 10. Bg5 Ne7 11. Qd2 Qe8 12. Nc3 a6 13. Ne4 Nc6 14. Nf6+ Nxf6 15. exf6 Bh8 16. Qf4 Nb4 17. Rad1 b5 18. Bb3 c5 19. c3 Nc6 20. Bh4 1-0

[Event "World Cup qual"]
[Site "Khanty-Mansiysk"]
[Date "2007.10.19"]
[Round "8"]
[White "Genba, Vladimir"]
[Black "Pozin, Sergey"]
[Result "0-1"]
[WhiteElo "2413"]
[BlackElo "2452"]
[PlyCount "74"]
[EventDate "2007.10.14"]
[EventType "tourn"]
[EventRounds "13"]
[EventCountry "RUS"]
[EventCategory "5"]
[SourceTitle "CBM 121 Extra"]
[Source "ChessBase"]
[SourceDate "2008.01.10"]
[SourceVersion "1"]
[SourceVersionDate "2008.01.10"]
[SourceQuality "1"]

1. e4 c5 2. c4 Nc6 3. Nc3 g6 4. d3 Bg7 5. g3 Nf6 6. Bg2 0-0 7. Nge2 d6 8. 0-0 Ne8 9. Be3 Nd4 10. Rb1 a5 11. Bxd4 cxd4 12. Nb5 Qb6 13. a4 Nc7 14. Nf4 Na6 15. b3 Nc5 16. h4 Bd7 17. h5 Qd8 18. hxg6 fxg6 19. Kh2 Ra6 20. Bh3 Bh6 21. Bxd7 Qxd7 22. Nh3 e5 23. Kg2 Raa8 24. Qe2 Rf6 25. Na3 Raf8 26. Nc2 g5 27. Ne1 g4 28. Ng1 Be3 29. f3 Ne6 30. f4 exf4 31. Qxg4+ Rg6 32. Qh5 Rxg3+ 33. Kh1 Ng7 34. Qd5+ Kh8 35. Nef3 Rf6 36. Rb2 Rfg6 37. e5 Bxg1 0-1

[Event "World Cup qual"]
[Site "Khanty-Mansiysk"]
[Date "2007.10.15"]
[Round "2"]
[White "Kalmachevskikh, Viktor"]
[Black "Genba, Vladimir"]
[Result "0-1"]
[WhiteElo "2339"]
[BlackElo "2413"]
[PlyCount "76"]
[EventDate "2007.10.14"]
[EventType "tourn"]
[EventRounds "13"]
[EventCountry "RUS"]
[EventCategory "5"]
[SourceTitle "CBM 121 Extra"]
[Source "ChessBase"]
[SourceDate "2008.01.10"]
[SourceVersion "1"]
[SourceVersionDate "2008.01.10"]
[SourceQuality "1"]

1. d4 e6 2. Nf3 f5 3. c4 b6 4. Nc3 Bb4 5. Qb3 Bxc3+ 6. Qxc3 Nf6 7. g3 Bb7 8. Bg2 0-0 9. 0-0 Qe8 10. Bf4 d6 11. c5 bxc5 12. dxc5 Ne4 13. Qa5 Nc6 14. Qb5 Nxc5 15. Qc4 Ba6 16. Qc2 Nb4 17. Qd1 Nd5 18. Bc1 Rb8 19. Re1 f4 20. b3 fxg3 21. hxg3 Nf6 22. Ba3 Qh5 23. Bxc5 Ng4 24. Qc1 Rxf3 25. Bxf3 Qh2+ 26. Kf1 Rf8 27. Rd1 Rxf3 28. Ke1 Rf5 29. Qa3 Rxc5 30. Qxa6 Qxf2+ 31. Kd2 Qe3+ 32. Ke1 Qc3+ 33. Kf1 Rf5+ 34. Kg2 Rf2+ 35. Kh3 Rh2+ 36. Kxg4 h5+ 37. Kf4 g5+ 38. Ke4 Qe5+ 0-1

[Event "Cappelle op 16th"]
[Site "Cappelle la Grande"]
[Date "2000.02.25"]
[Round "8"]
[White "Genba, Vladimir"]
[Black "Petitcunot, Pierre"]
[Result "1/2-1/2"]
[WhiteElo "2454"]
[BlackElo "2291"]
[PlyCount "62"]
[EventDate "2000.02.19"]
[EventType "swiss"]
[EventRounds "9"]
[EventCountry "FRA"]
[SourceTitle "CBM 074 Extra"]
[Source "ChessBase"]
[SourceDate "2000.03.10"]
[SourceVersion "2"]
[SourceVersionDate "2000.03.10"]
[SourceQuality "1"]

1. Nf3 d5 2. g3 Nf6 3. Bg2 Bg4 4. 0-0 e6 5. d3 Bxf3 6. Bxf3 Nbd7 7. Nd2 c6 8. e4 Qc7 9. d4 dxe4 10. Nxe4 Nxe4 11. Bxe4 Nf6 12. Bf3 Bd6 13. c4 h5 14. Qa4 h4 15. Kg2 Qd7 16. Re1 Kf8 17. Bg5 e5 18. Bxf6 gxf6 19. c5 hxg3 20. hxg3 Qh3+ 21. Kg1 e4 22. Bg2 Qh2+ 23. Kf1 Bxg3 24. fxg3 Rh5 25. Bxe4 Qxg3 26. Qb3 Qf4+ 27. Qf3 Rh1+ 28. Kf2 Qd2+ 29. Qe2 Qf4+ 30. Qf3 Qd2+ 31. Qe2 Qf4+ 1/2-1/2

[Event "Petrov Memorial op"]
[Site "St Petersburg"]
[Date "2000.02.12"]
[Round "5"]
[White "Aleksandrov, Aleksej"]
[Black "Genba, Vladimir"]
[Result "1-0"]
[WhiteElo "2606"]
[BlackElo "2454"]
[PlyCount "73"]
[EventDate "2000.02.05"]
[EventType "swiss"]
[EventRounds "9"]
[EventCountry "RUS"]
[SourceTitle "CBM 076"]
[Source "ChessBase"]
[SourceDate "2000.05.31"]
[SourceVersion "1"]
[SourceVersionDate "2000.05.31"]
[SourceQuality "1"]

1. d4 d6 2. e4 Nf6 3. Nc3 e5 4. Nf3 Nbd7 5. Bc4 Be7 6. 0-0 0-0 7. a4 c6 8. Ba2 Qe8 9. Re1 Bd8 10. b4 a5 11. b5 Bb6 12. h3 exd4 13. Nxd4 Qe5 14. Be3 Nxe4 15. Nxe4 Qxe4 16. Nxc6 Bxe3 17. Rxe3 Qf4 18. Ne7+ Kh8 19. Nd5 Qh6 20. Qe1 Nc5 21. Nb6 Rb8 22. Qxa5 Bf5 23. Qd2 Rbd8 24. Bd5 Be4 25. Bxe4 Nxe4 26. Qd5 f5 27. Rae1 Qh4 28. R1e2 Ng5 29. Re7 Ne4 30. Qxb7 Rb8 31. Qc7 Rxb6 32. R7xe4 fxe4 33. Qxb6 e3 34. Qxe3 Qxa4 35. Qd3 h5 36. Qxd6 Rc8 37. Re5 1-0

[Event "Linares Anibal op 06th"]
[Site "Linares"]
[Date "1999.01.13"]
[Round "6"]
[White "Genba, Vladimir"]
[Black "Grischuk, Alexander"]
[Result "1/2-1/2"]
[WhiteElo "2450"]
[BlackElo "2490"]
[PlyCount "38"]
[EventDate "1999.01.??"]
[EventType "swiss"]
[EventRounds "10"]
[EventCountry "ESP"]
[SourceTitle "CBM 068 Extra"]
[Source "ChessBase"]
[SourceDate "1999.03.01"]
[SourceVersion "1"]
[SourceVersionDate "1999.03.01"]
[SourceQuality "1"]

1. Nf3 d5 2. g3 c6 3. Bg2 Nf6 4. 0-0 Bg4 5. d3 Nbd7 6. Nbd2 e5 7. e4 Bd6 8. h3 Bh5 9. Qe1 0-0 10. Nh4 Re8 11. Nf5 Bf8 12. Nf3 dxe4 13. dxe4 Nc5 14. N3h4 Qd7 15. Bg5 Qe6 16. Qe3 b6 17. Rfe1 h6 18. Bxf6 Qxf6 19. Bf3 Bxf3 1/2-1/2